Communes de Wallonie - Statistiques

Statistiques générales
  • Ce quiz a été pris 20 fois
  • Le résultat moyen est 166 sur 261
Statistiques - réponses
Réponse % Correct
LA LOUVIERE
100%
LIEGE
100%
TOURNAI
100%
ANDERLUES
91%
ARLON
91%
BINCHE
91%
DINANT
91%
HUY
91%
MOUSCRON
91%
NAMUR
91%
THUIN
91%
VERVIERS
91%
ANDENNE
82%
ANS
82%
ATH
82%
BASTOGNE
82%
BOUILLON
82%
BRAINE-L'ALLEUD
82%
BRAINE-LE-CHATEAU
82%
BRAINE-LE-COMTE
82%
CHARLEROI
82%
CHIMAY
82%
EUPEN
82%
MANAGE
82%
MORLANWELZ
82%
NEUFCHÂTEAU
82%
NIVELLES
82%
QUAREGNON
82%
SPA
82%
WATERLOO
82%
WAVRE
82%
AMAY
73%
AUBEL
73%
BEAUMONT
73%
BEAURAING
73%
BERTRIX
73%
CHAPELLE-LEZ-HERLAIMONT
73%
CHATELET
73%
COMINES-WARNETON
73%
COURCELLES
73%
COUVIN
73%
DOUR
73%
DURBUY
73%
ESNEUX
73%
ESTAIMPUIS
73%
ESTINNES
73%
FARCIENNES
73%
FLEURUS
73%
FLOREFFE
73%
FLORENNES
73%
FONTAINE-L'EVÊQUE
73%
GENAPPE
73%
GERPINNES
73%
HAM-SUR-HEURE-NALINNES
73%
HERSTAL
73%
INCOURT
73%
ITTRE
73%
JEMEPPE-SUR-SAMBRE
73%
LA ROCHE-EN-ARDENNE
73%
LIBRAMONT-CHEVIGNY
73%
LOBBES
73%
MARCHE-EN-FAMENNE
73%
METTET
73%
ONHAYE
73%
OTTIGNIES-LOUVAIN-LA-NEUVE
73%
PALISEUL
73%
PERUWELZ
73%
PERWEZ
73%
PHILIPPEVILLE
73%
PROFONDEVILLE
73%
QUEVY
73%
QUIEVRAIN
73%
RIXENSART
73%
SAINT-HUBERT
73%
SAINT-VITH
73%
SENEFFE
73%
SIVRY-RANCE
73%
TROIS-PONTS
73%
VIRTON
73%
AISEAU-PRESLES
64%
AMEL
64%
ANHEE
64%
ANTOING
64%
ASSESSE
64%
ATTERT
64%
AUBANGE
64%
AWANS
64%
BIEVRE
64%
BLEGNY
64%
BOUSSU
64%
BRUGELETTE
64%
BRUNEHAUT
64%
CELLES
64%
CHASTRE
64%
CHAUDFONTAINE
64%
CHINY
64%
CINEY
64%
COMBLAIN-AU-PONT
64%
CRISNEE
64%
DISON
64%
DOISCHE
64%
EGHEZEE
64%
ENGHIEN
64%
ERQUELINNES
64%
ETALLE
64%
FAUVILLERS
64%
FLOBECQ
64%
FOSSES-LA-VILLE
64%
FRAMERIES
64%
FRASNES-LEZ-ANVAING
64%
GEMBLOUX
64%
GOUVY
64%
GREZ-DOICEAU
64%
HABAY
64%
HANNUT
64%
HAVELANGE
64%
HENSIES
64%
HERON
64%
HONNELLES
64%
JUPRELLE
64%
LA BRUYERE
64%
LE ROEULX
64%
LEUZE-EN-HAINAUT
64%
LIBIN
64%
LIERNEUX
64%
LINCENT
64%
MOMIGNIES
64%
MONS
64%
MONTIGNY-LE-TILLEUL
64%
MONT-SAINT-GUIBERT
64%
NANDRIN
64%
NEUPRE
64%
OUPEYE
64%
PECQ
64%
PEPINSTER
64%
PONT-A-CELLES
64%
REBECQ
64%
REMICOURT
64%
RUMES
64%
SAINT-LEGER
64%
SAINT-NICOLAS
64%
SAMBREVILLE
64%
SERAING
64%
SILLY
64%
SOIGNIES
64%
SOMBREFFE
64%
SOUMAGNE
64%
STAVELOT
64%
TELLIN
64%
TINLOT
64%
TUBIZE
64%
VERLAINE
64%
VILLERS-LA-VILLE
64%
VISE
64%
VRESSE-SUR-SEMOIS
64%
WALCOURT
64%
WANZE
64%
WAREMME
64%
WASSEIGES
64%
WELKENRAEDT
64%
WELLIN
64%
YVOIR
64%
ANTHISNES
55%
AYWAILLE
55%
BAELEN
55%
BASSENGE
55%
BEAUVECHAIN
55%
BELOEIL
55%
BERLOZ
55%
BERNISSART
55%
BEYNE-HEUSAY
55%
BÜLLINGEN
55%
BURDINNE
55%
BURG-REULAND
55%
CERFONTAINE
55%
CHIEVRES
55%
CLAVIER
55%
COLFONTAINE
55%
COURT-SAINT-ETIENNE
55%
DALHEM
55%
DAVERDISSE
55%
DONCEEL
55%
ECAUSSINES
55%
ELLEZELLES
55%
ENGIS
55%
EREZEE
55%
FAIMES
55%
FEXHE-LE-HAUT-CLOCHER
55%
FLEMALLE
55%
FLERON
55%
FLORENVILLE
55%
GEDINNE
55%
GESVES
55%
HAMOIR
55%
HAMOIS
55%
HELECINE
55%
HERVE
55%
HOUFFALIZE
55%
HOUYET
55%
JALHAY
55%
JODOIGNE
55%
JURBISE
55%
LA HULPE
55%
LASNE
55%
LEGLISE
55%
LENS
55%
LES BONS VILLERS
55%
LESSINES
55%
LONTZEN
55%
MARCHIN
55%
MARTELANGE
55%
MEIX-DEVANT-VIRTON
55%
MERBES-LE-CHATEAU
55%
MODAVE
55%
MONT-DE-L'ENCLUS
55%
NASSOGNE
55%
OHEY
55%
OLNE
55%
OREYE
55%
PLOMBIERES
55%
RAEREN
55%
RAMILLIES
55%
ROCHEFORT
55%
ROUVROY
55%
SAINTE-ODE
55%
SAINT-GEORGES-SUR-MEUSE
55%
SAINT-GHISLAIN
55%
SOMME-LEUZE
55%
SPRIMONT
55%
STOUMONT
55%
THEUX
55%
THIMISTER-CLERMONT
55%
TROOZ
55%
VAUX-SUR-SÛRE
55%
VIELSALM
55%
VILLERS-LE-BOUILLET
55%
VIROINVAL
55%
WAIMES
55%
WALHAIN
55%
BRAIVES
45%
CHAUMONT-GISTOUX
45%
FERRIERES
45%
FROIDCHAPELLE
45%
GEER
45%
GRÂCE-HOLLOGNE
45%
HERBEUMONT
45%
HOTTON
45%
KELMIS
45%
LIMBOURG
45%
MALMEDY
45%
MANHAY
45%
MESSANCY
45%
MUSSON
45%
ORP-JAUCHE
45%
OUFFET
45%
TENNEVILLE
45%
TINTIGNY
45%
BÜTCHENBACH
36%
HASTIERE
36%
RENDEUX
36%
FERNELMEONT
27%
Aucun quiz correspondant
Distribution des résultats
% des personnes avec chaque résultat
Percentile par nombre de réponses
Votre historique - résultats
Vous n’avez pas pris ce quiz